| 000 | 00000nam##2200000za#4500 |
| 001 | 9.642662 |
| 003 | CaOODSP |
| 005 | 20210624223818 |
| 007 | cr ||||||||||| |
| 008 | 150407|2007||||xxc|||||o f|0| 0 fre|d |
| 040 | |aCaOODSP|bfre |
| 043 | |an-cn--- |
| 086 | 1 |aBT58-2/2007F-PDF |
| 110 | 1 |aCanada. |bConseil du trésor. |
| 245 | 10|aÉvaluation, choix et mise en Ĺ“uvre d'instruments d'action gouvernementale |h[ressource électronique] |
| 260 | |aOttawa - Ontario : |bSecrétariat du Conseil du Trésor du Canada |cc2007. |
| 300 | |a37p.|bfigures en couleur, tableaux |
| 500 | |aLe n° de catalogue (BT58-2/2007) et l'ISBN (978-0-662-05036-0) de l'édition imprimée bilingue ont été incorrectement copiés dans l'édition électronique. |
| 590 | |a13-28-Supp|b2013-12-09 |
| 775 | 08|tAssessing, selecting, and implementing instruments for government action |w(CaOODSP)9.698665 |
| 856 | 40|ahttp://publications.gc.ca|qPDF|s743 Ko|uhttps://publications.gc.ca/collections/collection_2013/sct-tbs/BT58-2-2007-fra.pdf |